RUBBER EXPLOITATION IN PEAM CHEAG RUBBERN PLANTATION,(ការធ្វើអាជីវកមមលើដំណាំកៅស៊ូ នៅចំការកៅស៊ូ ពាមជាំអ). (Record no. 597)

000 -LEADER
fixed length control field 00552nam a22001577a 4500
003 - CONTROL NUMBER IDENTIFIER
control field OSt
005 - DATE AND TIME OF LATEST TRANSACTION
control field 20150916171832.0
008 - FIXED-LENGTH DATA ELEMENTS--GENERAL INFORMATION
fixed length control field 150916b xxu||||| |||| 00| 0 eng d
040 ## - CATALOGING SOURCE
Transcribing agency RUA
082 ## - DEWEY DECIMAL CLASSIFICATION NUMBER
Classification number AGR CHR 1999 BOO25 Or.1
100 ## - MAIN ENTRY--PERSONAL NAME
9 (RLIN) 624
Personal name CHRUN, THUN
245 ## - TITLE STATEMENT
Title RUBBER EXPLOITATION IN PEAM CHEAG RUBBERN PLANTATION,(ការធ្វើអាជីវកមមលើដំណាំកៅស៊ូ នៅចំការកៅស៊ូ ពាមជាំអ).
260 ## - PUBLICATION, DISTRIBUTION, ETC. (IMPRINT)
Place of publication, distribution, etc. PHNOM PHEN
Name of publisher, distributor, etc. RUA
Date of publication, distribution, etc. 1999
300 ## - PHYSICAL DESCRIPTION
Extent 79P.
Other physical details ILL.
Dimensions 29CM.
942 ## - ADDED ENTRY ELEMENTS (KOHA)
Source of classification or shelving scheme
Koha item type AGR
Holdings
Price effective from Date last seen Permanent Location Not for loan Date acquired Source of classification or shelving scheme Koha item type Barcode Lost status Damaged status Shelving location Withdrawn status Current Location Full call number
2015-09-162015-09-16Library Block B 2015-09-16 AGRrua001894  B025 Library Block BAGR CHR 1999 BOO25 Or.1
មជ្ឈមណ្ឌលឯការនៃសាកលវិទ្យាល័យភូមិន្ទកសិកម្មចំការដូង

Powered by Koha